Statistics for Квиз о Малти

Click here to take the quiz!

General Stats

  • This quiz has been taken 76 times
  • The average score is 10 of 16

Answer Stats

ОписОдговор% Correct
Главни градВалета
96%
Море у којем се Малта налазиСредоземно море
96%
Државе које су најближе МалтиИталија
90%
ВалутаЕвро
87%
Званични језициЕнглески
86%
Званични језициМалтешки
77%
Државе које су најближе МалтиТунис
76%
Предмет који се налази на заставиКрст
75%
Држава од које је добила независност 1964Уједињено Краљевство
73%
Малта има шесту највећу _____ ________ на свету, тик испред Бангладешагустину насељености
55%
Рат у којем је цела држава због херојског отпора одликована Џорџовим крстомДруги светски рат
49%
Име највећег малтешког острва, чини преко 78% површине МалтеМалта
31%
Религијска група која је 1249. избачена са МалтеМуслимани
27%
Општина са највише становникаЗалив Светог {Павла}
23%
Војни ред који је владао острвом од 1530–1798{Витезови} Јовановци
21%
Друго највеће острвоГоцо
15%

Score Distribution

Percentile by Number Answered

Percent of People with Each Score

Your Score History

You have not taken this quiz